Благородные металлы (Ag, Au, Pd, Pt) в фундаменте и складчатых поясах юга Сибирской платформы, Балтийского щита, Памира; Современные проблемы геологии и разведки полезных ископаемых

Λεπτομέρειες βιβλιογραφικής εγγραφής
Parent link:Современные проблемы геологии и разведки полезных ископаемых.— 2010.— С. 256-260
Κύριος συγγραφέας: Левицкий В. И.
Άλλοι συγγραφείς: Прокопчук С. И., Левицкий И. В.
Περίληψη:Проведенные исследования показывают устойчивые повышенные концентрации рения в рудах золоторудных месторождений, локализованных в черносланцевых толщах различных регионов. Поэтому необходимо проведение ревизионных работ на законсервированных, работающих и вновь открываемых золоторудных месторождениях на обнаружение в них промышленных концентраций рения и последующего комплексного освоения месторождений.
Γλώσσα:Ρωσικά
Έκδοση: 2010
Θέματα:
Μορφή: Κεφάλαιο βιβλίου
KOHA link:https://koha.lib.tpu.ru/cgi-bin/koha/opac-detail.pl?biblionumber=221758

MARC

LEADER 00000naa2a2200000 4500
001 221758
005 20231031195820.0
035 |a (RuTPU)RU\TPU\book\241937 
035 |a RU\TPU\book\241830 
090 |a 221758 
100 |a 20120913d k y0rusy50 ca 
101 0 |a rus 
102 |a RU 
200 1 |a Благородные металлы (Ag, Au, Pd, Pt) в фундаменте и складчатых поясах юга Сибирской платформы, Балтийского щита, Памира  |f В. И. Левицкий, С. И. Прокопчук, И. В. Левицкий 
320 |a Библиогр.: с. 260 (4 назв.) 
330 |a Проведенные исследования показывают устойчивые повышенные концентрации рения в рудах золоторудных месторождений, локализованных в черносланцевых толщах различных регионов. Поэтому необходимо проведение ревизионных работ на законсервированных, работающих и вновь открываемых золоторудных месторождениях на обнаружение в них промышленных концентраций рения и последующего комплексного освоения месторождений. 
463 1 |0 (RuTPU)RU\TPU\book\229483  |y 978-5-98298-728-0  |t Современные проблемы геологии и разведки полезных ископаемых  |o международная конференция, посвященная 80-летию основания в Томском политехническом университете первой в азиатской части России кафедры "Разведочное дело", Томск, 5-8 октября 2010 г.  |o материалы научной конференции  |f Национальный исследовательский Томский политехнический университет (ТПУ) ; Российский фонд фундаментальных исследований (РФФИ) ; Российская академия наук (РАН), Сибирское отделение (СО), Институт геологии и минералогии ; Российское геологическое общество (РосГео)  |v С. 256-260  |d 2010  |p 639 с. 
610 1 |a труды учёных ТПУ 
700 1 |a Левицкий  |b В. И. 
701 1 |a Прокопчук  |b С. И. 
701 1 |a Левицкий  |b И. В. 
801 1 |a RU  |b 63413507  |c 20120517 
801 2 |a RU  |b 63413507  |c 20130115  |g RCR 
942 |c BK